00861 2200313 4500001002100000005001500021035002000036007000300056040001200059100003000071245006900101250001000170300003100180020001800211041000800229082001100237084001700248090001700265264003400282336002100316337003000337338002300367500002900390650001800419700003700437850001000474008004100484990002200525INLIS00000000001350620260409012159 a0010-0825000065ta aSBPUPAD0 aYusuf QardhawiePengarang1 aUmat Islam Menyongsong Abad Ke Dua Puluh Satu /cYusuf Qardhawi acet.2 a336 hlm :bilus., ;c23 cm a979-9183-56-1 aInd a297.09 a297.09 YUS u a297.09 YUS u aSolo :bEra Intermedia,c2001 2rdacontentaTeks 2rdamediaatanpa perantara 2rdacarrieravolume aprofil penulis : hlm 336 4aSejarah Islam aeditor : Wahid AhmadiePengarang aPUPAD260409 0  a39.381/S/DPK/2025